| 000 | 00528nam a22001577a 4500 | ||
|---|---|---|---|
| 999 |
_c531814 _d531814 |
||
| 020 | _qHard Cover. | ||
| 082 | _a574.192 | ||
| 100 | _aWaheed, Palvash. | ||
| 245 |
_aLevels of Inflammatory Markers and Their Association with Dyslipidemia in Diabetics / _cPalvasha Waheed. |
||
| 260 |
_aIslamabad: _bAMC - NUST, _c2008. |
||
| 300 |
_a109 p.: ill.; _c30cm. |
||
| 942 |
_2ddc _cTHE |
||
| 650 |
_aBio Chemistry M. Phil-Thesis. _924899 |
||
| 700 |
_aAbdul Khaliq Naveed. _924900 |
||